| 000 | 00336nam a2200121Ia 4500 | ||
|---|---|---|---|
| 008 | 220217s9999 xx 000 0 und d | ||
| 245 | 0 | _aMethods of sampling and test for rubber hoses. Second Revision (Third Reprint) | |
| 260 | _c1989 | ||
| 500 | _aStandard number: IS 443 | ||
| 650 | _aRubber hose | ||
| 650 | _aSampling | ||
| 942 | _cST | ||
| 999 |
_c73779 _d73779 |
||